| 000 | 00425nam a22001817a 4500 | ||
|---|---|---|---|
| 003 | CEME | ||
| 005 | 20210628203445.0 | ||
| 008 | 210129b xxu||||| |||| 00| 0 eng d | ||
| 020 | _a969-0-01819-1 | ||
| 040 | _c. | ||
| 082 | _a891.4393 AHM | ||
| 100 |
_aAhmed Bashir _99605 |
||
| 245 | _aDil bhatkay ga | ||
| 260 |
_aLAHORE _bFEROZE SONS _c2003 |
||
| 300 | _a890P | ||
| 650 |
_aURDU ADAB-NOVEL _920918 |
||
| 942 |
_cBK _2ddc |
||
| 999 |
_c573750 _d573750 |
||